00162nam a2200073Ia 4500008004100000100001900041245001700060260001100077170523s9999 xx 000 0 und d aSukhatme- S.P. 0aSolar Energy aT.M.H.